| 000 | 00432nam a22001697a 4500 | ||
|---|---|---|---|
| 003 | SGT | ||
| 020 | _a9788120313507 | ||
| 082 | _a658.3,ROB | ||
| 100 | _aROBBINS, STEPHEN P. | ||
| 245 | _aORGANIZATIONAL BEHAVIOR | ||
| 250 | _a8TH | ||
| 260 |
_aNEW DELHI _bPHI _c1999 |
||
| 300 | _a675+ V P | ||
| 650 | _aMANAGEMENT | ||
| 653 | _aTHE INDIVIDUAL, THE GROUP, THE ORGANIZATION SYSTEM, ORGANIZATION DYNAMICS, | ||
| 942 |
_2ddc _cFCM _018 |
||
| 999 |
_c9071 _d9071 |
||